|
|
|
|
| LEADER |
00000nam0a2200000 4500 |
| 001 |
325734 |
| 005 |
20231101023906.0 |
| 035 |
|
|
|a (RuTPU)RU\TPU\book\351349
|
| 035 |
|
|
|a RU\TPU\book\367273
|
| 090 |
|
|
|a 325734
|
| 100 |
|
|
|a 20180323d2016 m y0rusy50 ca
|
| 101 |
0 |
|
|a rus
|
| 102 |
|
|
|a RU
|
| 105 |
|
|
|a a j 001zy
|
| 200 |
1 |
|
|a Насосы и компрессоры
|e учебное пособие
|f М. А. Карбышев, И. А. Воронин, Ю. Д. Алашкевич
|g Сибирский государственный аэрокосмический университет им. академика М. Ф. Решетнева (СибГАУ)
|
| 210 |
|
|
|a Красноярск
|c Изд-во СибГАУ
|d 2016-
|
| 700 |
|
1 |
|a Карбышев
|b М. А.
|g Михаил Александрович
|
| 701 |
|
1 |
|a Воронин
|b И. А.
|g Иван Андреевич
|
| 701 |
|
1 |
|a Алашкевич
|b Ю. Д.
|g Юрий Давыдович
|
| 712 |
0 |
2 |
|a Сибирский государственный аэрокосмический университет им. академика М. Ф. Решетнева (СибГАУ)
|c (Красноярск)
|c (2002-2017)
|2 stltpush
|3 (RuTPU)RU\TPU\col\5682
|
| 801 |
|
1 |
|a RU
|b 63413507
|c 20161212
|
| 801 |
|
2 |
|a RU
|b 63413507
|c 20180409
|g RCR
|
| 942 |
|
|
|c BK
|